LIBRARY & INFORMATION CENTRE, KCAET, TAVANUR

ONLINE PUBLIC ACCESS CATALOGUE (OPAC)

Physics: Principles and applications / (Record no. 7521)

MARC details
000 -LEADER
fixed length control field 00530cam a2200205ua 4500
041 ## - LANGUAGE CODE
Language code of text/sound track or separate title eng
082 ## - DEWEY DECIMAL CLASSIFICATION NUMBER
Classification number 530
Item number MAR/PH
100 ## - MAIN ENTRY--AUTHOR NAME
Personal name Margenace, Henry .
245 ## - TITLE STATEMENT
Title Physics: Principles and applications /
250 ## - EDITION STATEMENT
Edition statement 2 /
260 ## - PUBLICATION, DISTRIBUTION, ETC. (IMPRINT)
Place of publication New York :
Name of publisher McGraw Hill Book Company ,
Year of publication 1953.
300 ## - PHYSICAL DESCRIPTION
Number of Pages 806 ; .
700 1# - ADDED ENTRY--PERSONAL NAME
Personal name Mongomery , C.G .
700 1# - ADDED ENTRY--PERSONAL NAME
Personal name Watson, William W .
942 ## - ADDED ENTRY ELEMENTS (KOHA)
Koha item type Books
Holdings
Withdrawn status Lost status Damaged status Home library Current library Date acquired Full call number Accession Number Koha item type
Withdrawn     KAUAET KAUAET 07/04/2012 530 MAR/PH 7996 Books
free website counter